00546nam a2200181Ia 4500003000900000008004100009020001800050040001600068080002200084245009800106260003000204300001400234650002400248650004100272650002300313650001100336700001700347IN-BaIIA211028s9999 xx 000 0 eng d a0-444-51022-2 cIIA Library a047.1:535bPRO-43 0aProgress in opticsbvol. 43cedited by E. Wolf  aAmsterdambElsevierc2002 axv, 635p. aAstronomical optics aAstronomy and astrophysics Thesaurus aOptical properties aOptics aWolf, E. ed.